LEADER 00934cam0-22003491i-450- 001 990003819580403321 005 20080318100230.0 010 $a88-430-1582-6 035 $a000381958 035 $aFED01000381958 035 $a(Aleph)000381958FED01 035 $a000381958 100 $a20030910d2000----km-y0itay50------ba 101 0 $aita 102 $aIT 105 $af-------001yy 200 1 $aScuola, orientamento, lavoro$fa cura di Letizia Sgalambro 210 $aRoma$cCarocci$d2000 215 $a212 p.$cill.$d24 cm 225 1 $a<>manuali$v107 610 0 $aScuola$aOrientamento 676 $a371.42 702 1$aSgalambro,$bLetizia 801 0$aIT$bUNINA$gRICA$2UNIMARC 901 $aBK 912 $a990003819580403321 952 $a371.42 SGA 1$b46$fBFS 952 $aP.1 PESC 84$bBibl. 34907$fFLFBC 959 $aBFS 959 $aFLFBC 996 $aScuola, orientamento, lavoro$9506124 997 $aUNINA LEADER 01609nam0 22003971i 450 001 990005379890403321 005 20180509144305.0 035 $a000537989 035 $aFED01000537989 035 $a(Aleph)000537989FED01 100 $a19990530d1939----km-y0itay50------ba 101 0 $aita 102 $aIT 105 $ay---b---00--- 200 1 $aCatalogo sistematico descrittivo delle fotografie dei monumenti pompeiani esistenti nell'archivio fotografico della R. Soprintendenza alle Antichita della Campania$fa cura di! Matteo Della Corte 210 $aRoma$cFratelli Palombi$d1939 215 $av.$d27 cm 300 $aIn testa al front.: R. Istituto di Archeologia e Storia dell'Arte 327 0 $aMuseo Nazionale, Napoli : puntata 1. : anni 1905-1932 610 0 $aFotografie$aPompei$aCataloghi 610 0 $aPompei$aFotografie$aCataloghi 610 0 $aMonumenti pompeiani$aFotografie$a1905-1932 610 0 $aSoprintendenza alle antichità : archivio fotografico$aMonumenti pompeiani$a1905-1932 676 $a779.0945$v22$zita 676 $a937.7$v22$zita 702 1$aDella Corte,$bMatteo$f<1875-1962> 712 02$aMuseo archeologico nazionale di Napoli 801 0$aIT$bUNINA$gRICA$2UNIMARC 901 $aBK 912 $a990005379890403321 952 $aARCH D 142 8$bARCH. 12335$fFLFBC 952 $aRARI B 339$b7746$fFARBC 959 $aFLFBC 959 $aFARBC 996 $aCatalogo sistematico descrittivo delle fotografie dei monumenti pompeiani esistenti nell'archivio fotografico della R. Soprintendenza alle Antichita della Campania$91506652 997 $aUNINA